إلتهاب المفاصل / (Record no. 85757)

MARC details
000 -LEADER
fixed length control field 00600nam a22002057a 4500
005 - DATE AND TIME OF LATEST TRANSACTION
control field 20251108172659.0
008 - FIXED-LENGTH DATA ELEMENTS--GENERAL INFORMATION
fixed length control field 250721s2002 xx 000 0 ara d
082 14 - DEWEY DECIMAL CLASSIFICATION NUMBER
Classification number 616.7/الت
100 1# - MAIN ENTRY--PERSONAL NAME
Personal name هندر، جين
Relator term محرر
245 10 - TITLE STATEMENT
Title إلتهاب المفاصل /
246 11 - VARYING FORM OF TITLE
Title proper/short title MAYO CLINIC
264 1# - PRODUCTION, PUBLICATION, DISTRIBUTION, MANUFACTURE, AND COPYRIGHT NOTICE
Place of production, publication, distribution, manufacture بيروت :
Name of producer, publisher, distributor, manufacturer الدار العربية للعلوم،
Date of production, publication, distribution, manufacture, or copyright notice 2002.
300 ## - PHYSICAL DESCRIPTION
Extent 219ص.
490 0# - SERIES STATEMENT
Series statement مايو كلينيك : MAYO CLINIC (
650 17 - SUBJECT ADDED ENTRY--TOPICAL TERM
Topical term or geographic name as entry element الأمراض
650 17 - SUBJECT ADDED ENTRY--TOPICAL TERM
Topical term or geographic name as entry element أمراض المفاصل
650 17 - SUBJECT ADDED ENTRY--TOPICAL TERM
Topical term or geographic name as entry element الطب الوقائي
942 ## - ADDED ENTRY ELEMENTS (KOHA)
Source of classification or shelving scheme Dewey Decimal Classification
Koha item type Books
Holdings
حالة السحب حالة الفقدان مصدر التصنيف حالة التلف غير قابل للإعارة المكتبة الرئيسية المكتبة الحالية موقع الرف تاريخ التزويد الرقم المتسلسل Total Checkouts رقم الإستدعاء تاريخ آخر ظهور تاريخ الفاتورة نوع المادة (كوها) الباركود
    Dewey Decimal Classification Unchecked   المكتبة المركزية المكتبة المركزية الإعارة 28/07/2025 574377   616.7/الت 28/07/2025 28/07/2025 Books  
    Dewey Decimal Classification     المكتبة المركزية المكتبة المركزية الإعارة 06/01/2011 1454200   616.7/الت 28/07/2025 06/01/2011 Books PLD00178544
    Dewey Decimal Classification     مكتبة حمزة العامة مكتبة حمزة العامة الإعارة 28/07/2025 574378   616.7/الت 28/07/2025 28/07/2025 Books 574378
Implemented & Customized by: BBB with SCIT (Smart Chains for Information Technology)

Powered by Koha